| 000 | 01090nam a22002897a 4500 | ||
|---|---|---|---|
| 999 |
_c13318 _d13318 |
||
| 003 | MIRAKIL | ||
| 005 | 20190618114952.0 | ||
| 008 | 190618b tu ||||| |||| 00| 0 tur d | ||
| 020 | _a9786053993919 | ||
| 040 |
_aTR-AnCHP _cTR-AnCHP |
||
| 041 | _atur | ||
| 082 |
_a323.11959 _bB55 2015 |
||
| 111 |
_a1990'larda Kürtler ve Kürdistan Konferansı _cİstanbul _d26-27 Nisan 2014 |
||
| 245 | 1 | 0 |
_a1990'larda Kürtler ve Kürdistan / _cDerleyenler Ayhan Işık, Bülent Bilmez, Ronayi Önen, Tahir Baykuşak. |
| 260 |
_aİstanbul: _bİstanbul Bilgi Üniversitesi yayınları, _c2015. |
||
| 300 |
_a166 s.: _bfotg., grf.; _c23 sm. |
||
| 490 | 0 |
_aİstanbul Bilgi Üniversitesi Yayınları ; _aSempozyum-Panel _v513. _v5. |
|
| 500 | _aKürtçe metin içermektedir. | ||
| 504 | _aDizin vardır. | ||
| 650 | 0 |
_95116 _aKürtler _xTarih _zTürkiye |
|
| 650 | 0 |
_95116 _aKürtler _xSiyaset ve yönetim _y21. yy |
|
| 700 |
_95828 _aIşık, Ayhan _eder. |
||
| 700 |
_95829 _aBilmez, Bülent _eder. |
||
| 700 |
_95830 _aÖnen, Ronayi _eder. |
||
| 700 |
_95831 _aBaykuşak, Tahir _eder. |
||
| 942 |
_2ddc _cBKS |
||